Trouve le créateur de smm - Statistiques

Statistiques générales
  • Ce quiz a été pris 15 fois
  • Le résultat moyen est 16 sur 30
Statistiques - réponses
Hint Réponse % Correct
Verdant Double Sanyx91smm2
100%
Jaguar War Zone 4 : Vice Versa Gnomainain
90%
XTREM RECLAIM MrGamer871
90%
Trials of Jank Poly_valentacookie
90%
Claw O'Mania Babagass
80%
Light of dispair Chuck
80%
Speedrun - L'Art Shuriken -30s- Myokrom
80%
OSEJ v11 Ticoche
80%
Sally's Bewitched Dunes ! #TS Cokiller001
70%
Combat de Boss 6 Maxime
70%
Pantophobia SharkyduGame_
70%
Eisendrache YouroTV
70%
Manoir du Roi Fantôme Kinghostacos
60%
Castle of Madness Kylamnos
50%
Bullyville Metropolis #TP Millmousse4
50%
Troll Level Becomming Uncanny Sady845
50%
Saws you next time ! Zekethsm
50%
Fenrir [∅] Jimiris
40%
Frenzy attack Cyboom_
30%
ST#1 : Trolly Beginnings Keigy
30%
The Escape LaCourgette42
30%
Skytree SMW style 1 Linkdam
30%
Relax Aqua (collect pink coins) Mr.Coco82
30%
The gold of the snoring plants Natsutv59
30%
Welcome To The Super Pique World SqualallA
30%
upside down training smw#1 Panachi
20%
only spin jumps Prof_guillaume
20%
Mais quel Boulet !! Stardam
20%
Koopaling Revenge [Hard version] GitanofLegend
10%
PJ: Arizona Hesukhos
10%
Aucun quiz correspondant
Distribution des résultats
% des personnes avec chaque résultat
Percentile par nombre de réponses
Votre historique - résultats
Vous n’avez pas pris ce quiz